| 000 | 00904nam a2200253 a 4500 | ||
|---|---|---|---|
| 001 | 000008152 | ||
| 003 | DO-SdBNP | ||
| 005 | 20220630115040.0 | ||
| 007 | ta | ||
| 008 | 090915s2000 dr 000 0 spa d | ||
| 040 |
_aDO-SdBNP _bspa _cDO-SdBNP |
||
| 082 | 4 |
_a346.729304675 _bM843d, 2000 _222 |
|
| 100 | 1 |
_aMoreno, Santa, _d1962- _922130 |
|
| 245 | 1 | 3 |
_aLa deforestación en República Dominicana y sus consecuencias jurídicas / _cSanta Moreno. |
| 250 | _a2ª. ed. | ||
| 260 |
_aSanto Domingo : _bCentenario, _c2000. |
||
| 300 |
_a117 p. ; _c22 cm. |
||
| 500 | _aIncluye datos biográficos de la autora en la contracubierta | ||
| 500 | _aIncluye referencias bibliográficas y notas al pie de las páginas | ||
| 590 | _aInventariado, 2018/LP | ||
| 650 | 4 |
_aDeforestación _xLegislación _zRepública Dominicana _922131 _2Lemb |
|
| 910 | _aVMateo. Validado Control de calidad MFF | ||
| 942 |
_2ddc _cLBS1 |
||
| 999 |
_c7929 _d7929 |
||